| 000 | 00527nam a2200205Ia 4500 | ||
|---|---|---|---|
| 003 | GCL | ||
| 008 | 140319s9999 xx 000 0 eng d | ||
| 040 |
_aGCL / _cGCL |
||
| 082 | 0 | 4 |
_a922.22 _bA C |
| 100 | 1 | _aAUGUSTIN, SAINT | |
| 245 | 1 | 0 |
_aLES CONFESSIONS / _cAUGUSTIN, SAINT |
| 700 | 1 | _aTROBUCOO, JOSEPH | |
| 260 |
_a[S.N] : _bGF - FLAMMARION ، _c1964 |
||
| 300 | _a280 P | ||
| 650 | 0 | 4 | _aHISTORY |
| 650 | 0 | 4 | _aBIOGRAPHY |
| 650 | 0 | 4 | _aAUGUSTINE, SAINT, BISHOP OF HI |
| 650 | 0 | 4 | _aSAINTS - BIOGRAPHY |
| 942 |
_2ddc _cBK |
||
| 999 |
_c16273 _d16273 |
||